000 00373pab a2200157 454500
008 180718b2000 xxu||||| |||| 00| 0 eng d
100 _aVatta, Kamal
245 _aTrends in fertiliser consumption in Punjab
260 _c2000
300 _ap.463-66
362 _aOct-Dec
650 _aFertilizers
700 _aDhawan, K.C.
773 _aProductivity
909 _a48273
999 _c48273
_d48273